| 000 | 00000nam##2200000za#4500 |
| 001 | 9.688707 |
| 003 | CaOODSP |
| 005 | 20210624231544 |
| 007 | cr ||||||||||| |
| 008 | 150407|2004||||xxc|||||o f|0| 0 eng|d |
| 040 | |aCaOODSP|beng |
| 043 | |an-cn--- |
| 086 | 1 |aE84-14/2004E-PDF |
| 110 | 1 |aCanada.|bInternational Centre for Human Rights and Democratic Development. |
| 245 | 10|aAt the cross-roads of conflict and democracy : |h[electronic resource]|bwomen and Afghanistan's Constitutional Loya Jirga / |ca report prepared by Lauryn Oates and Isabelle Solon Helal. |
| 260 | |aMontreal - Quebec : |bInternational Centre for Human Rights and Democratic Development |c2004. |
| 300 | |a82p.|btable |
| 590 | |a06-10-Supp|b2006-12-15 |
| 690 | 07|aCase studies|2gcpds |
| 690 | 07|aConstitutional law|2gcpds |
| 690 | 07|aGender discrimination|2gcpds |
| 690 | 07|aGender equality|2gcpds |
| 690 | 07|aHuman rights|2gcpds |
| 690 | 07|aInterviews|2gcpds |
| 690 | 07|aMeetings|2gcpds |
| 720 | 1 |aOates, Lauryn |
| 720 | 1 |aSolon, Isabelle |
| 775 | 08|tÀ la croisée des chemins entre conflit et démocratie : |w(CaOODSP)9.633125 |
| 856 | 40|ahttp://publications.gc.ca|qPDF|s704 KB|uhttps://publications.gc.ca/collections/Collection/E84-14-2004E.pdf |